|
|
|
|
| LEADER |
02214nam a2200577 i 4500 |
| 001 |
nkc20223393967 |
| 003 |
CZ PrNK |
| 005 |
20220523094525.0 |
| 007 |
ta |
| 008 |
220201s2021 xr abcee 000 0dcze |
| 015 |
|
|
|a cnb003393967
|
| 020 |
|
|
|a 978-80-11-01038-6
|q (brožováno)
|
| 035 |
|
|
|a (OCoLC)1315529438
|
| 040 |
|
|
|a OLA001
|b cze
|d ABA001
|e rda
|
| 043 |
|
|
|a e-xr---
|b e-xr-jc
|2 czenas
|
| 045 |
|
|
|a u-y-
|
| 072 |
|
7 |
|a 908(437)
|x Vlastivěda Česka a Slovenska
|2 Konspekt
|9 8
|
| 080 |
|
|
|a 725.42:664.71
|2 MRF
|
| 080 |
|
|
|a 664.7
|2 MRF
|
| 080 |
|
|
|a 664.71-051
|2 MRF
|
| 080 |
|
|
|a 908(437.319)
|2 MRF
|
| 080 |
|
|
|a (437.319)
|2 MRF
|
| 080 |
|
|
|a (048.8)
|2 MRF
|
| 100 |
1 |
|
|a Pekárek, Jaroslav
|4 aut
|4 pbl
|
| 245 |
1 |
0 |
|a Pilský mlýn, aneb, Kus historie Sedlice u Blatné /
|c Jaroslav Pekárek
|
| 246 |
3 |
0 |
|a Kus historie Sedlice u Blatné
|
| 250 |
|
|
|a První vydání
|
| 264 |
|
1 |
|a [Strakonice] :
|b [Jaroslav Pekárek],
|c 2021
|
| 264 |
|
3 |
|b Dragon Press s.r.o.
|
| 300 |
|
|
|a 131 stran :
|b ilustrace, mapy, portréty, plány, faksimile, genealogické tabulky ;
|c 21 cm
|
| 336 |
|
|
|a text
|b txt
|2 rdacontent
|
| 337 |
|
|
|a bez média
|b n
|2 rdamedia
|
| 338 |
|
|
|a svazek
|b nc
|2 rdacarrier
|
| 504 |
|
|
|a Obsahuje bibliografii a bibliografické odkazy
|
| 610 |
2 |
7 |
|a Pilský mlýn
|7 mzk20221148437
|2 czenas
|
| 648 |
|
7 |
|a 17.-21. století
|7 ch757027
|2 czenas
|
| 650 |
0 |
7 |
|a mlýny
|7 ph122921
|z Česko
|y 17.-21. století
|2 czenas
|
| 650 |
0 |
7 |
|a mlynářství
|7 ph122916
|z Česko
|y 17.-21. století
|2 czenas
|
| 650 |
0 |
7 |
|a mlynáři
|7 ph117021
|z Česko
|y 17.-21. století
|2 czenas
|
| 650 |
0 |
9 |
|a mills
|z Czechia
|y 17th-21st centuries
|2 eczenas
|
| 650 |
0 |
9 |
|a miller's trade
|z Czechia
|y 17th-21st centuries
|2 eczenas
|
| 650 |
0 |
9 |
|a millers
|z Czechia
|y 17th-21st centuries
|2 eczenas
|
| 651 |
|
7 |
|a Sedlice (Strakonice, Česko)
|7 ge338313
|x vlastivěda a dějiny
|2 czenas
|
| 651 |
|
9 |
|a Sedlice (Strakonice, Czechia)
|x local history and geography
|2 eczenas
|
| 655 |
|
7 |
|a monografie
|7 fd132842
|2 czenas
|
| 655 |
|
9 |
|a monographs
|2 eczenas
|
| 910 |
2 |
|
|a BOA001
|b 2-1484.253
|
| 990 |
|
|
|a BK
|
| 995 |
|
|
|a 01
|
| 991 |
|
|
|b 202204
|c NOV
|
| 996 |
6 |
|
|b 2610898167
|c 2-1484.253
|l MZK
|r Sklad / do 1 hodiny
|n 1
|p p.v.
|w 001882485
|u 000010
|a 1
|e BOA001
|j MZK50
|s P
|